000 00462nam a22001577a 4500
003 BD-ChCU
005 20260511103037.0
008 260511b bg ||||| |||| 00| 0 ben d
040 _cBD-ChCU
082 _a370.15 TUU
100 _aTucker , Nigholas .
_922745
245 _aUnderstanding the mass media :
_ba practical approach for teaching ./
_cNigholas , Tucker.
260 _aCambridge :
_bUniv press,
_cC 1967.
300 _aix , 198p.
942 _2ddc
_cBK
_n0
999 _c112856
_d112856